Most Streamed Lil Uzi Vert Songs - Statistics

General Stats
  • This quiz has been taken 235 times
  • The average score is 11 of 20
Answer Stats
Streams Album Song Title % Correct
1.997B Luv Is Rage 2 XO Tour Llif3
93%
891.1M Luv Is Rage 2 (Deluxe) 20 Min
86%
628.3M Die Lit Shoota
85%
553.2M Pink Tape Just Wanna Rock
70%
626.9M LUV vs. The World Money Longer
70%
491.6M Playboi Carti wokeuplikethis*
70%
903.4M Culture Bad and Boujee
67%
886.0M Luv Is Rage 2 The Way Life Goes
65%
577.6M Goodbye & Good Riddance Wasted
57%
436.6M The Perfect LUV Tape Erase Your Social
56%
355.2M LUV vs. The World 2 Myron
53%
460.6M Single Sanguine Paradise
51%
316.4M Eternal Atake P2
47%
372.4M PTSD PTSD
45%
319.9M Eternal Atake Futsal Shuffle 2020
44%
333.5M Luv Is Rage 2 Sauce It Up
37%
280.7M Eternal Atake That Way
36%
413.7M LUV vs. The World You Was Right
36%
369.3M Harder Than Ever Life Goes On
32%
329.9M RECKLESS Wanted You
15%
No matching quizzes found
Score Distribution
Percent of People with Each Score
Percentile by Number Answered
Your Score History
You have not taken this quiz